| 000 | 01094nam a2200229Ia 4500 | ||
|---|---|---|---|
| 003 | Ost | ||
| 005 | 20260507075355.0 | ||
| 008 | 260507s9999||||xx |||||||||||||| ||und|| | ||
| 040 | _cfsecg | ||
| 041 | _aara | ||
| 082 | _a330 | ||
| 100 |
_aخريس، ابراهيم محمد _eمؤلف |
||
| 245 | 0 |
_aالضرائب في النظام المالي الإسلامي : _bدراسة مقارنة / _c ابراهيم محمد خريس |
|
| 260 |
_aعمان: _bدار الأيام للنشر والتوزيع, _c2013 |
||
| 300 |
_a215 صفحة؛ _bإيضاحات ؛ _c25 سم |
||
| 504 | _aالمراجع ص.193 | ||
| 520 | _aمدخل الى البحث- مدى مشروعية الضرائب في الإسلام- القيود الشرعية التي تحكم فرض الضرائب في الإسلام- الآثار الإقتصادية للضرائب دراسة مقارنة- نحو تصور مقترح لقانون ضريبي اسلامي معاصر | ||
| 653 | _aالإقتصاد الإسلامي | ||
| 653 | _aالسياسة المالية | ||
| 653 | _aالضرائب | ||
| 942 | _cكتاب | ||
| 999 |
_c44205 _d44205 |
||